000 00469cam a2200181 4500
001 D5200
008 090401t xxu||||| |||| 00| 0 eng d
035 _a(Sirsi) u39166
041 _aeng
050 _a333.337
110 _aGreene Belfield-Smith and Company
_91572
245 _aTrends in hotel sales and profits 1975 - 1982
260 _aLondon
_bGreene Belfield-Smith and Company
_c1984?
300 _a14p. 21cm
350 _a0
942 _n0
948 _c04/03/1997
999 _c90751
_d90751